| 000 | 00639nam a2200193Ia 4500 | ||
|---|---|---|---|
| 999 |
_c36258 _d36258 |
||
| 001 | 2163 | ||
| 003 | GE_BSU | ||
| 005 | 20190517155427.0 | ||
| 008 | 181216s1997||||ge |||||||||||||| ||geo|| | ||
| 040 | _cGE_BSU | ||
| 041 | _ageo | ||
| 080 | _a821.353.1-3 ა–97 | ||
| 100 |
_aახვლედიანი, ვახტანგ _91311 |
||
| 245 |
_aსივრცე : _b რჩეული ნოველები / _cვახტანგ ახვლედიანი. |
||
| 264 |
_aბათუმი : _b აჭარა, _c1997. |
||
| 300 |
_a242 გვ.; _b19 სმ. |
||
| 653 | _aნოველები | ||
| 942 |
_cBK _2udc |
||